Las reformas de la constitución nacional /

Guardado en:
Autor Principal: Baeza, Carlos Ricardo
Formato: Libro
Publicado: Buenos Aires : A-z, 1989
Materias:
Etiquetas: Agregar Etiqueta
Sin Etiquetas, Sea el primero en etiquetar este registro!
LEADER 00554nam a22001935a 4500
001 CEM.cems007350
005 20060214000000.0
008 130507s1989##################000#0#####d
003 CEMS
082 0 4 |a 342.82 
100 1 |a Baeza, Carlos Ricardo 
245 1 0 |a Las reformas de la constitución nacional / 
260 |a Buenos Aires :  |b A-z,  |c 1989 
300 |a 191 p. 
653 |a Argentina 
653 |a Argentina-constitucion 
653 |a Instruccion civica 
653 |a Reforma constitucional 
859 |a CEMS  |b BIB. CEMS - 11 de abril  |h 342.82  |i B145  |p 15922.90  |t Ej.1